| 000 | 00435nam a2200181Ia 4500 | ||
|---|---|---|---|
| 003 | GCL | ||
| 008 | 140319s9999 xx 000 0 eng d | ||
| 040 |
_aGCL / _cGCL |
||
| 082 | 0 | 4 |
_a745.44 _bB D |
| 100 | 1 | _aBYARS, MEL | |
| 245 | 1 | 0 |
_aTHE DESIGN ENCYCLOPEDIA / _cBYARS, MEL |
| 260 |
_a[S.N] : _bLAURENCE KING ، _c1994 |
||
| 300 | _a612 | ||
| 650 | 0 | 4 | _aDESIGNERS |
| 650 | 0 | 4 | _aDESIGN |
| 650 | 0 | 4 | _aENCYCLOPEDIAS |
| 942 |
_2ddc _cBK |
||
| 999 |
_c24609 _d24609 |
||